000 00472nab a2200145Ia 4500
003 ES-SlBCS
005 20210601124304.0
008 140529s1974 xxu||||| |||| 00| 0 eng d
041 _aeng
100 1 _aMarks, Russell
_9139196
245 0 0 _aLewis M. Terman: Individual Differences and the Construction of Social Reality
_c Russell Marks
650 0 4 _aRealidad Social
_9139197
773 0 _tEducational Theory
_gvol. 24, nº. 4, 1974, págs. 336-355
_wRev1399
942 _cAR
999 _c512361
_d512361